Statistiques concernant Les plus grandes villes du Tour de France 2022

Cliquez ici pour prendre le quiz!

Statistiques générales

  • Ce quiz a été pris 194 fois
  • Le résultat moyen est 9 sur 20

Réponses sur la Carte

Les réponses sont colorées sur une échelle allant du rouge au vert en fonction du pourcentage des utilisateurs qui les ont devinées à leur premier essai. Vous pouvez retrouver ces pourcentages ci-dessous.
 

Statistiques - réponses

PopulationVille% Correct
2 187 526Paris
99%
232 787Lille
89%
87 353Dunkerque
82%
73 911Calais
80%
172 565Saint-Etienne
67%
158 454Grenoble
65%
46 031Carcassonne
54%
46 428Charleville-Mézières
47%
24 057Rodez
46%
19 878Cahors
37%
16 428Sedan
37%
34 756Thonon-les-Bains
35%
18 899Albertville
34%
21 935Auch
34%
18 995Le Puy-en-Velay
33%
23 708Dole
28%
29 306Vienne
20%
18 287Lunéville
17%
17 059Cluses
14%
16 088Sallanches
12%

Distribution des résultats

Percentile par nombre de réponses

% des personnes avec chaque résultat

Votre développement - résultats

Vous n’avez pas pris ce quiz